| 000 | 00398nam a2200133Ia 4500 | ||
|---|---|---|---|
| 008 | 160216s9999 xx 000 0 und d | ||
| 100 | _aHishida, K. | ||
| 245 | _aFulfilling the promise of technology transfer / | ||
| 245 | _cK. Hishida. | ||
| 260 | _bSpringer-Verlag GmbH. | ||
| 260 | _c2013 | ||
| 650 | _xTechnology transfer. | ||
| 856 | _uhttp://link.springer.com/book/10.1007/978-4-431-54306-0 | ||
| 999 |
_c290599 _d290599 |
||